Steps to happiness: travelling from depression and addiction to the buddhist path
| 1. VerfasserIn: | |
|---|---|
| Medienart: | Druck Buch |
| Sprache: | Englisch |
| Subito Bestelldienst: | Jetzt bestellen. |
| Verfügbarkeit prüfen: | HBZ Gateway |
| Fernleihe: | Fernleihe für die Fachinformationsdienste |
| Veröffentlicht: |
Birmingham
Windhorse
2006
|
| In: | Jahr: 2006 |
| normierte Schlagwort(-folgen): | B
Alkoholismus
/ Buddhismus
B Depression / Buddhismus / Erlebnisbericht |
| weitere Schlagwörter: | B
Religious Life
Buddhism
B Erlebnisbericht B Alcoholics Rehabilitation B Tarantha 1929- Religion |
MARC
| LEADER | 00000cam a2200000 c 4500 | ||
|---|---|---|---|
| 001 | 1605723967 | ||
| 003 | DE-627 | ||
| 005 | 20251225192446.0 | ||
| 007 | tu | ||
| 008 | 070531s2006 xxk||||| 00| ||eng c | ||
| 016 | 7 | |a b659999 |2 UK | |
| 020 | |a 189957963X |c (pbk) : No price pbk |9 1-899579-63-X | ||
| 020 | |a 9781899579631 |9 978-1-899579-63-1 | ||
| 024 | 3 | |a 9781899579631 | |
| 035 | |a (DE-627)1605723967 | ||
| 035 | |a (DE-576)265223881 | ||
| 035 | |a (DE-599)BSZ265223881 | ||
| 040 | |a DE-627 |b ger |c DE-627 |e rakwb | ||
| 041 | |a eng | ||
| 044 | |c XA-GB | ||
| 082 | 0 | |a 294.3442 | |
| 084 | |a 6,24 |a 0 |2 ssgn | ||
| 100 | 0 | |0 (DE-588)1146960654 |0 (DE-627)1008369462 |0 (DE-576)265223873 |4 aut |a Taranatha |d 1929- | |
| 109 | |a Taranatha 1929- | ||
| 191 | |a 1 | ||
| 245 | 1 | 0 | |a Steps to happiness |b travelling from depression and addiction to the buddhist path |c by Taranatha |
| 264 | 1 | |a Birmingham |b Windhorse |c 2006 | |
| 300 | |a 182 S. |b Ill. |c 24cm | ||
| 336 | |a Text |b txt |2 rdacontent | ||
| 337 | |a ohne Hilfsmittel zu benutzen |b n |2 rdamedia | ||
| 338 | |a Band |b nc |2 rdacarrier | ||
| 583 | 1 | |a Archivierung prüfen |c 20200919 |f DE-640 |z 1 |2 pdager | |
| 583 | 1 | |a Archivierung/Langzeitarchivierung gewährleistet |f SSG |x XA-DE-BW |2 pdager |5 DE-16-77 | |
| 600 | 1 | 4 | |a Tarantha |x 1929- |x Religion |
| 601 | |a Buddhist | ||
| 650 | 4 | |a Alcoholics |x Rehabilitation | |
| 650 | 4 | |a Religious Life |x Buddhism | |
| 655 | 7 | |a Erlebnisbericht |0 (DE-588)4133254-4 |0 (DE-627)105681490 |0 (DE-576)209642378 |2 gnd-content | |
| 689 | 0 | 0 | |d s |0 (DE-588)4001220-7 |0 (DE-627)106398040 |0 (DE-576)208841741 |2 gnd |a Alkoholismus |
| 689 | 0 | 1 | |d s |0 (DE-588)4008690-2 |0 (DE-627)106366823 |0 (DE-576)20887772X |2 gnd |a Buddhismus |
| 689 | 0 | |5 (DE-627) | |
| 689 | 1 | 0 | |d s |0 (DE-588)4011474-0 |0 (DE-627)104578165 |0 (DE-576)208893687 |2 gnd |a Depression |
| 689 | 1 | 1 | |d s |0 (DE-588)4008690-2 |0 (DE-627)106366823 |0 (DE-576)20887772X |2 gnd |a Buddhismus |
| 689 | 1 | 2 | |d s |0 (DE-588)4133254-4 |0 (DE-627)105681490 |0 (DE-576)209642378 |2 gnd |a Erlebnisbericht |
| 689 | 1 | |5 (DE-627) | |
| 935 | |a mteo | ||
| 951 | |a BO | ||
| ELC | |b 1 | ||
| LOK | |0 000 xxxxxcx a22 zn 4500 | ||
| LOK | |0 001 4426890535 | ||
| LOK | |0 003 DE-627 | ||
| LOK | |0 004 1605723967 | ||
| LOK | |0 005 20231218173742 | ||
| LOK | |0 008 231205||||||||||||||||ger||||||| | ||
| LOK | |0 040 |a DE-Tue135 |c DE-627 |d DE-Tue135 | ||
| LOK | |0 092 |o n | ||
| LOK | |0 852 |a DE-Tue135 | ||
| LOK | |0 852 1 |9 00 | ||
| LOK | |0 935 |a hdsa | ||
| LOK | |0 939 |a 05-12-23 |b l01 | ||
| ORI | |a SA-MARC-ixtheoa001.raw | ||
| REL | |a 1 | ||
| STA | 0 | 0 | |a Alcoholism,Alcohol dependency,Alcoholism in literature,Alcoholism in art,Buddhism,Buddhism,Depression,Depression (geomorphology),Depression,Depressions,Experience account |
| STB | 0 | 0 | |a Alcoolisme,Potomanie,Buddhisme,Bouddhisme,Dépression,Dépression (géographie),Dépression,Crises économiques,Rapport d’expérience,Compte-rendu personnel,Compte-rendu personnel |
| STC | 0 | 0 | |a Alcoholismo,Budismo,Budismo,Depresión,Depresión,Depresión,Relato de experiencia |
| STD | 0 | 0 | |a Alcolismo,Buddhismo <motivo>,Buddhismo,Buddismo,Buddismo,Buddismo (motivo),Buddismo,Depressione,Depressione,Resoconto di un'esperienza personale |
| STE | 0 | 0 | |a 佛教,抑郁症,抑郁症,重性抑郁障碍,忧郁症,重性抑郁障碍,忧郁症,经历报道,事件报道,酗酒者 |
| STF | 0 | 0 | |a 佛教,經歷報道,事件報道,经济萧条,抑鬱症,抑鬱症,重性抑鬱障礙,憂鬱症,重性抑鬱障礙,憂鬱症,酗酒者 |
| STG | 0 | 0 | |a Alcoolismo,Budismo,Budismo,Depressão (economia),Depressão,Depressão,Relato de experiência |
| STH | 0 | 0 | |a Алкоголизм,Буддизм (мотив),Буддизм,Депрессия (экономика),Депрессия (мотив),Депрессия,Рассказ о пережитом |
| STI | 0 | 0 | |a Έκθεση προσωπικής εμπειρίας,Προσωπική αφήγηση,Αλκοολισμός,Βουδισμός (μοτίβο),Βουδισμός,Κατάθλιψη (μοτίβο),Κατάθλιψη |
| SUB | |a REL | ||
| SYG | 0 | 0 | |a Alkoholabhängigkeit,Trunksucht,Alkoholbedingte Krankheit,Alkoholkrankheit,Alkoholsucht,Alkohol , Buddhism,Zen-Buddhismus , Wirtschaftsdepression,Wirtschaftliche Depression,Depressionen , Buddhism,Zen-Buddhismus , Augenzeugenbericht,Eindrücke,Erlebnisgeschichte,Reportage,Erfahrungsbericht,Persönlicher Bericht |



